Euro 2024 Countries - Statistics

General Stats
  • This quiz has been taken 12 times
  • The average score is 23 of 24
Answer Stats
Answer % Correct
Austria
100%
Croatia
100%
Denmark
100%
England
100%
France
100%
Germany
100%
Hungary
100%
Italy
100%
Netherlands
100%
Poland
100%
Romania
100%
Scotland
100%
Serbia
100%
Spain
100%
Switzerland
100%
Turkey
100%
Ukraine
100%
Albania
92%
Belgium
92%
Czech Republic
92%
Portugal
92%
Slovakia
92%
Slovenia
92%
Georgia
58%
No matching quizzes found
Score Distribution
Percent of People with Each Score
Percentile by Number Answered
Your Score History
You have not taken this quiz